000 00386nam a2200145 i 4500
001 bg
100 1 _aWEIGLER, Helmut
245 0 _aStahlleichtbeton - Herstellung, Eigenschaft, Ausführung /
_cHelmut Weigler, Karl Sieghart.
260 _aWiesbaden,
_c1972.
700 1 _aSIEGHART, Karl
040 _cBPK
041 _apol
942 _cKS
008 s pl f |000 0 pol
999 _c15526
_d15526
856 _uhttp://koha.tu.koszalin.pl/cgi-bin/koha/opac-detail.pl?biblionumber=15526
_yKatalog online BPK